| Tag |
First Indicator |
Second Indicator |
Subfields |
| LEADER |
00000cam a2200000Ii 4500 |
| 001 |
in00004014713 |
| 005 |
20181024144049.0 |
| 008 |
090503s1883 gw 000 d ger d |
| 035 |
|
|
|a (OCoLC)ocn320037249
|
| 035 |
|
|
|a (OCoLC)320037249
|
| 040 |
|
|
|a CLU
|b eng
|e rda
|c CLU
|d OCLCQ
|d TXA
|d UtOrBLW
|
| 041 |
1 |
|
|a ger
|h aze
|
| 043 |
|
|
|a a-tu---
|
| 049 |
|
|
|a TXAM
|
| 050 |
|
4 |
|a PL314.A45
|b S2715 1883
|
| 100 |
1 |
|
|a Ākhundʹzādah, Fatḥ ʻAlī,
|d 1812-1878,
|e author.
|
| 240 |
1 |
0 |
|a Särgüzäş̧ti väziri xani Länkäran.
|l German
|
| 245 |
1 |
4 |
|a Der Vezier von Lenkoran :
|b Türkische Komödie in vier Aufzügen /
|c von Mirza Feth-Ali Achondzade ; übersetzt und für die deutsche Bühne bearbeitet von D. Löbel und C. Fr. Wittmann.
|
| 264 |
|
1 |
|a Leipzig :
|b P. Reclam jun,
|c [1883?]
|
| 300 |
|
|
|a 48 pages ;
|c 15 cm.
|
| 336 |
|
|
|a text
|b txt
|2 rdacontent
|
| 337 |
|
|
|a unmediated
|b n
|2 rdamedia
|
| 338 |
|
|
|a volume
|b nc
|2 rdacarrier
|
| 490 |
1 |
|
|a Universal-Bibliothek ;
|v 3064
|
| 500 |
|
|
|a Translation of: Särgüzäş̧ti väziri xani Länkäran, originally written in Azerbaijani language in 1851; Persian title: Sarguzas︠h︡t-i vazīr-i k︠h︡ān-i Lankurān.
|
| 650 |
|
0 |
|a Despotism
|v Drama.
|
| 650 |
|
0 |
|a Family violence
|v Drama.
|
| 700 |
1 |
|
|a Löbel, D.,
|e translator,
|e editor.
|
| 700 |
1 |
|
|a Wittmann, Carl Friedrich,
|e translator,
|e editor.
|0 http://id.loc.gov/authorities/names/n87105469
|
| 776 |
0 |
8 |
|i Online version:
|a Ākhundʹzādah, Fatḥ ʻAlī, 1812-1878.
|t Vezier von Lenkoran.
|d Leipzig : Philipp Reclam jun
|w (OCoLC)654870770
|
| 830 |
|
0 |
|a Universal-Bibliothek (Leipzig, Germany) ;
|v 3064.
|0 http://id.loc.gov/authorities/names/no96067015
|
| 948 |
|
|
|a cataloged
|b h
|c 2018/8/27
|d c
|e tchubaryan
|f 5:10:48 pm
|
| 994 |
|
|
|a C0
|b TXA
|
| 999 |
f |
f |
|s 68d0f406-8764-35cb-9de0-44c955de18e3
|i 393340b4-736b-33fa-bae6-17f92ac2cdad
|t 0
|
| 952 |
f |
f |
|p normal
|a Texas A&M University
|b College Station
|c Sterling C. Evans Library
|d Evans: Library Stacks
|t 0
|e BP115 .H4 1901
|h Library of Congress classification
|i unmediated -- volume
|m A14843684540
|
| 952 |
f |
f |
|a Texas A&M University
|b College Station
|c Sterling C. Evans Library
|d Evans: Library Stacks
|t 0
|e BP115 .H4 1901
|h Library of Congress classification
|
| 998 |
f |
f |
|a BP115 .H4 1901
|t 0
|l Evans: Library Stacks
|